000 00446nam a2200181Ia 4500
005 20240823050513.0
008 240823s9999||||xx |||||||||||||| ||und||
041 _aENGLISH
082 _A629.254 M6
100 _aKhatawate.N.R
245 0 _aAutomatic Electrical Systems and Equipments
250 _a1st
260 _c1986
_b"S Chand,New Delhi"
500 _aTransfered
650 _aEquipment
_bElectrical
942 _cBK
999 _c217409
_d217409